00300 2200121 4500245007100000250001100071100002000082650001600102005001900118260001800137041001400155336000900169 aLAPORAN KARYA SISWAb : BAHAN PANGAN LOKALcAFRILIZA ANDIANhText aCet. 1 aAFRILIZA ANDIAN aKarya Siswa a20240829111659 aJakartac2024 aIndonesia atext